00446nam a2200181Ia 4500008004100000020001500041050001600056100002000072245002500092245001800117245004000135260001400175260002900189260000900218300001400227300001200241300001100253160319s9999 xx 000 0 und d a9714805589 bAb165f 2002 aAbueg, Efren R. aFlorante at Laura :  bisang awit /  cEfren R. Abueg, Magdalena C. Sayas. aMakati :  bVisual Print Enterprises c2002 a148 p. :  bill. ;  c25 cm.